| 000 | 00604cam a22002291 4500 | ||
|---|---|---|---|
| 001 | sa 66007897 | ||
| 003 | DLC | ||
| 005 | 20260227112308.0 | ||
| 008 | 890705s1963 ii a 000 0 inco | ||
| 010 | _asa 66007897 | ||
| 035 | _a(OCoLC)19965030 | ||
| 040 |
_aDLC _cWaU _dDLC |
||
| 041 | 0 | _ainchin | |
| 042 | _apremarc | ||
| 050 | 0 | 0 |
_aPK2095.T8 _bR3 1963 |
| 100 | 0 |
_aTulasīdāsa, _d1532-1623. |
|
| 245 | 1 | 0 | _aŚrīrāmacarita mānasa. |
| 260 | _c[1963/64] | ||
| 300 |
_a1 v. (various pagings) _bcol. ill. _c28 cm. |
||
| 500 | _aAvadhi and Hindi. | ||
| 700 | 1 |
_aBharadwaj, Lakshman Prasad, _d1912- |
|
| 999 |
_c71481 _d71481 |
||